|
|
|
|
| LEADER |
00000nam a2200000 a 4500 |
| 001 |
vtls001264840 |
| 003 |
SK-MaSNL |
| 005 |
20260301234543.0 |
| 008 |
240315s1987 xx 0 und |
| 035 |
|
|
|a SNK000215765
|
| 040 |
|
|
|a SNK
|b slo
|c SNK
|e AACR2
|
| 100 |
1 |
|
|a Fiala, Jaromír
|4 aut
|9 287145
|
| 245 |
1 |
|
|a Strojnické tabulky 1
|b Materiály pro strojírenskou výrobu
|
| 260 |
|
|
|a Praha
|b Státní nakladatelství technické literatury
|c 1987
|
| 300 |
|
|
|a 877 s.
|
| 958 |
|
|
|a OND
|
| 999 |
|
|
|c 970608
|d 972538
|
| 952 |
|
|
|t P60, <04>, [BOOK], {604}
|a SNK
|b SNK
|y VYP
|7 0
|p 17A0064020
|o snkIC 107722/2
|0 0
|1 0
|4 0
|d 1997-04-28
|l 0
|r 2005-01-01 00:00:00
|w 2026-02-24
|
| 952 |
|
|
|t P60, <04>, [BOOK], {604}
|a SNK
|b SNK
|y VYP
|7 0
|p 17A0016421
|o snkIC 107722/1 D1
|0 0
|1 1
|4 0
|d 1996-10-31
|l 0
|r 2005-01-01 00:00:00
|w 2026-02-24
|
| 952 |
|
|
|t P60, <04>, [BOOK], {604}
|a SNK
|b SNK
|y VYP
|7 0
|p 17A0064876
|o snkIC 107722/1
|0 0
|1 0
|4 0
|d 1997-05-09
|l 0
|r 2005-01-01 00:00:00
|w 2026-02-24
|